02315 a2200193 45000010006000000050017000060080041000230030015000640400040000790800104001192450111002230200022003342640046003563000019004025051499004211000029019207000030019498560142019792453820260407155529.0260407a2011 arg spa dAR-UNSa-BCEJYS aAR-UNSa-BCEJYSbspacAR-UNSa-BCEJYS a304.9xCrítica de la situación social. Planes para la mejora de la sociedad. Utopías sociales10aLecturas sobre políticas sociales en Argentinapelementos jurídicos y económicos para la reflexión a978-987-1732-35-7 1aMar del Plata :bEdiciones Suárezc2011 a290 p.c22 cm. aParte I : Estado y sociedad civil en la historia de las políticas sociales argentinas : 1. La expansión del Estado, las necesidades sociales y la división social del trabajo : elementos para una reflexión - 2. Las políticas sociales como instrumentos de una elite hegemónica para la construcción de un Estado liberal - 3. Actores sociales y políticos frente a factores sociales y económicos : El dilema del Estado y la sociedad civil en la Argentina anterior al "Estado social" - 4. La ayuda social como instrumento de legitimación : Una comparación de dos modelos contrapuestos - Parte II : Tópicos en políticas de salud, trabajo y educación : 5. El sistema de saluden la Argentina : historia y desafios a futuros - 6. Análisis comparativos de modelos de regulación laboral y notas sobre el contrato individual en Argentina - 7. El sistema educativo argentino - 8. Pautas para la construcción de un seguro nacional de salud - 9. El sistema de relaciones colectivas de trabajo - 10. La descentralización de las Universidades Nacionales y las finanzas públicas provinciales : Implicancia de su tranferencia - 11. Los desafios en torno a las políticas de medicamentos genéricos y formularios terapéuticos - Parte III : Elementos para el diagnóstico y la orientación de politicas sociales : 12. Elementos articuladores en los pardigmas de la política social - 13. Elementos del debate teórico- metodológico en torno a la nación de pobreza.1 aLacaze, María Victoria1 aBostiancic, María Carla41uhttps://biblioeco.unsa.edu.ar/pmb/images/libros/Lecturas sobre pol?ticas sociales en Argentina-l118620.jpgyImagen de portadaqimage/jpeg